000 00654nam a2200229Ia 4500
003 OSt
005 20220107122732.0
008 130318s9999 xx 000 0 und d
020 _a9788184042146
040 _cIIITM-K
082 _a006.74H MUS/H;1
100 _aMusciano, Chuck
_93376
245 _aHTML and XHTML:
_bThe Definitive guide
_cby Chuck Musciano; Bill Kennedy
250 _a6th ed.
260 _bOreilly/Shroff Publishers and Distributors,
_aMumbai,
_c2007.
300 _axx, 654p.
650 _aCOMPUTER SCIENCE
_93377
650 _aMARKUP LANGAUGES
_93378
650 _aHTML
_93379
700 _aKennedy, Bill
_93380
942 _2ddc
_cBK
999 _c3645
_d3645